Democracy / (Record no. 8422)
[ view plain ]
| 000 -LEADER | |
|---|---|
| fixed length control field | 01341nac a22002651u 4500 |
| 010 ## - LIBRARY OF CONGRESS CONTROL NUMBER | |
| LC control number | 2006031969 |
| 020 ## - INTERNATIONAL STANDARD BOOK NUMBER | |
| International Standard Book Number | 9780521877718 |
| 020 ## - INTERNATIONAL STANDARD BOOK NUMBER | |
| International Standard Book Number | 9780521701532 (pbk.) |
| 082 00 - DEWEY DECIMAL CLASSIFICATION NUMBER | |
| Classification number | 321.8 |
| Item number | TIL |
| 090 ## - LOCALLY ASSIGNED LC-TYPE CALL NUMBER (OCLC); LOCAL CALL NUMBER (OCLC) | |
| -- | 8422 |
| -- | 8422 |
| 100 ## - MAIN ENTRY--PERSONAL NAME | |
| Personal name | Tilly, Charles. |
| 245 10 - TITLE STATEMENT | |
| Title | Democracy / |
| Statement of responsibility, etc | Charles Tilly. |
| 260 ## - PUBLICATION, DISTRIBUTION, ETC. (IMPRINT) | |
| Place of publication, distribution, etc | Cambridge, [England] ; |
| -- | New York : |
| Name of publisher, distributor, etc | Cambridge University Press,2007 |
| Date of publication, distribution, etc | c2007. |
| 300 ## - PHYSICAL DESCRIPTION | |
| Extent | xii, 234 p. : |
| Other physical details | ill. ; |
| Dimensions | 24 cm. |
| 500 ## - GENERAL NOTE | |
| General note | Distributer: Al-Ahram |
| 504 ## - BIBLIOGRAPHY, ETC. NOTE | |
| Bibliography, etc | Includes bibliographical references (p. 207-227) and index. |
| 505 0# - FORMATTED CONTENTS NOTE | |
| Formatted contents note | What is democracy? -- Democracy in history -- Democratization and de-democratization -- Trust and distrust -- Equality and inequality -- Power and public politics -- Alternative paths -- Democracy's pasts and futures -- References. |
| 511 ## - PARTICIPANT OR PERFORMER NOTE | |
| Participant or performer note | Catalogued by: Sara |
| 650 #0 - SUBJECT ADDED ENTRY--TOPICAL TERM | |
| Topical term or geographic name as entry element | Democracy. |
| 856 41 - ELECTRONIC LOCATION AND ACCESS | |
| Materials specified | Table of contents only |
| Uniform Resource Identifier | <a href="http://www.loc.gov/catdir/toc/ecip072/2006031969.html">http://www.loc.gov/catdir/toc/ecip072/2006031969.html</a> |
| 856 41 - ELECTRONIC LOCATION AND ACCESS | |
| Materials specified | Contributor biographical information |
| Uniform Resource Identifier | <a href="http://www.loc.gov/catdir/enhancements/fy0729/2006031969-b.html">http://www.loc.gov/catdir/enhancements/fy0729/2006031969-b.html</a> |
| 856 41 - ELECTRONIC LOCATION AND ACCESS | |
| Materials specified | Publisher description |
| Uniform Resource Identifier | <a href="http://www.loc.gov/catdir/enhancements/fy0729/2006031969-d.html">http://www.loc.gov/catdir/enhancements/fy0729/2006031969-d.html</a> |
| 942 ## - ADDED ENTRY ELEMENTS (KOHA) | |
| Item type | Book - Borrowing |
| Call number prefix | 321.8TIL |
| Withdrawn status | Item status | Damaged status | Not for loan | Home library | Current library | Shelving location | Date acquired | Source of acquisition | Total Checkouts | Total Renewals | Full call number | Barcode | Date last seen | Date last borrowed | Koha item type |
|---|---|---|---|---|---|---|---|---|---|---|---|---|---|---|---|
| Central Library | Central Library | First floor | 06/03/2008 | Purchase | 17 | 72 | 321.8TIL | 000010215 | 15/07/2025 | 05/09/2018 | Book - Borrowing |